MARC

LEADER 00000naa2a2200000 4500
001 670970
005 20241028112412.0
090 |a 670970 
100 |a 20240228d2023 k||y0rusy50 ca 
101 0 |a rus 
102 |a RU 
135 |a drcn ---uucaa 
200 1 |a Разработка физической модели и системы управления силовым преобразователем возобновляемых источников энергии  |f Ю. Д. Бай, П. П. Радько, Б. Д. Малюта   |g Национальный исследовательский Томский политехнический университет 
225 |a Цифровизация в электроэнергетике и интеллектуальные энергосистемы 
283 |2 RDAcarrier 
320 |a Список использованных источников: с. 121-122 
336 |a Текстовый файл 
463 1 |0 670860  |9 670860  |c Томск  |d 2023  |n Изд-во ТПУ  |o сборник статей III Всероссийской с международным участием молодёжной конференции, 12-14 декабря 2023 г., Томск  |p 1 файл (49,5 Мб, 606 с.)  |t Бутаковские чтения  |a Ивашутенко, А. С. (специалист в области электротехники ; 1981-)  |u conference_tpu-2023-C133.pdf  |v С. 118-122 
610 1 |a труды учёных ТПУ 
610 1 |a электронный ресурс 
610 1 |a силовые преобразователи 
610 1 |a управление 
610 1 |a возобновляемые источники энергии  
700 1 |a Бай  |b Ю. Д.  |c специалист в области электроэнергетики  |c ассистент кафедры Томского политехнического университета  |f 1991-  |g Юлий Дмитриевич  |9 19865 
701 1 |a Радько  |b П. П.  |c специалист в области электроэнергетики  |c старший лаборант Томского политехнического университета  |f 2000-  |g Павел Павлович  |y Томск  |9 88537 
701 1 |a Малюта  |b Б. Д.  |c специалист в области электроэнергетики  |c ассистент кафедры Томского политехнического университета  |f 1999-  |g Борис Дмитриевич  |y Томск  |9 23070 
712 0 2 |a Национальный исследовательский Томский политехнический университет  |c (2009- )  |9 26305 
801 0 |a RU  |b 63413507  |c 20240228 
850 |a 63413507 
856 |u http://earchive.tpu.ru/handle/11683/77597  |z http://earchive.tpu.ru/handle/11683/77597 
942 |c CF